Home Print Resources E-Books E-Journals IIMT Lecture Series Library Membership Form Book Recommendation Form Campus Tour Take AdmissionAbout Us Contact Us

FRONTIERS OF ELECTRONIC COMMERCE (Record no. 8059)

000 -LEADER
fixed length control field 00348nam a2200145Ia 4500
003 - CONTROL NUMBER IDENTIFIER
control field OSt
005 - DATE AND TIME OF LATEST TRANSACTION
control field 20240311122349.0
008 - FIXED-LENGTH DATA ELEMENTS--GENERAL INFORMATION
fixed length control field 170524s9999 xx 000 0 und d
020 ## - INTERNATIONAL STANDARD BOOK NUMBER
International Standard Book Number 0201845202
040 ## - CATALOGING SOURCE
Transcribing agency IIMT UNIVERSITY
100 ## - MAIN ENTRY--PERSONAL NAME
Personal name KALAKOTA- R
245 #0 - TITLE STATEMENT
Title FRONTIERS OF ELECTRONIC COMMERCE
260 ## - PUBLICATION, DISTRIBUTION, ETC.
Name of publisher, distributor, etc. JOHN WILEY: SINGAPUR
942 ## - ADDED ENTRY ELEMENTS (KOHA)
Source of classification or shelving scheme
Koha item type Book Bank
Holdings
Withdrawn status Lost status Source of classification or shelving scheme Damaged status Not for loan Home library Current library Date acquired Total Checkouts Barcode Date last seen Date last checked out Uniform Resource Identifier Price effective from Koha item type Public note
          IIMT University Central Library Meerut IIMT University Central Library Meerut 05/31/2017 1 01-B-86094 10/11/2021 03/16/2021 COMMERCE 05/31/2017 Book Bank  
          IIMT University Central Library Meerut IIMT University Central Library Meerut 05/31/2017 1 01-B-86095 11/12/2019 04/04/2019 COMMERCE 05/31/2017 Book Bank  
          IIMT University Central Library Meerut IIMT University Central Library Meerut 05/31/2017   01-B-86096 05/31/2017   COMMERCE 05/31/2017 Book Cost Paid Write off (Book cost paid to Account Department)
          IIMT University Central Library Meerut IIMT University Central Library Meerut 05/31/2017   01-B-86097 05/31/2017   COMMERCE 05/31/2017 Book Bank  
          IIMT University Central Library Meerut IIMT University Central Library Meerut 05/31/2017 2 01-B-86098 10/25/2021 04/02/2021 COMMERCE 05/31/2017 Book Bank  
IIMT, Central Library. All Rights Reserved IIMT,UNIVERSITY © 2023
Implemented and Customised by I CLOUDE EMS
You Are OPAC Visitor No
free web counter

Powered by Koha